000 01021nas a2200325 4500
001 BR2019001909
003 BR-BrBNA
005 20231205132009.0
007 ta
008 230509b bl.|||p| |||| 00| 00por d
040 _aBR-BrBNA
_bpor
_cBiblioteca Nacional de Agricultura
041 _a(En)
072 _aM12
100 1 _aCoraspe-Amaral, M.V.
100 1 _aPedreira, M.M.
100 1 _aMoura, G. de S.
100 1 _aCosta, D.C.
100 1 _aSantos, A.E. dos
100 1 _aDuarte, E.
245 1 _aCombination of diet and water salinity in larviculture of piabanha-do-Pardo (Brycon vonoi, Lima 2017)
650 _aPISCICULTURA
650 _aPEIXE DE ÁGUA DOCE
650 _aÁGUA
650 _aSALINIDADE
650 _aNUTRIÇÃO
773 0 _tRevista Ceres (Brazil)
_xISSN 2177-3491
_g(Jul-Aug 2017), v. 64(4) p. 384-391
_wBR2019001909
856 4 0 _uhttp://www.scielo.br/pdf/rceres/v64n4/0034-737X-rceres-64-04-00384.pdf
909 _a202311
_bLúcia
_c55
_dLúcia Elande
942 _2AGRIS
_n0
_cANA
999 _c257878
_d257878